[Event "SR 5. liga SE-SI 2018/2019"]
[Site "?"]
[Date "2019.03.23"]
[Round "10.4"]
[White "Kaufman, Roman"]
[Black "Lanza, Matej"]
[Result "1-0"]
[WhiteElo "1000"]
[BlackElo "1215"]
[PlyCount "46"]
[EventDate "2018.??.??"]
[WhiteTeam "CVÄŒ Senica D"]
[BlackTeam "Å K Nafta Gbely D"]

1. e4 e5 2. Nf3 Nc6 3. Bb5 a6 4. Bxc6 bxc6 5. d3 Nf6 6. Bg5 h6 7. Bh4 Bc5 8.
Nxe5 Bd4 9. Ng4 Bxb2 10. Bxf6 gxf6 11. Nd2 Bxa1 12. Qxa1 d6 13. Nxf6+ Kf8 14.
h3 Be6 15. f4 Qe7 16. Qc3 c5 17. f5 Bc8 18. h4 c6 19. Nd5 Qe5 20. Qa5 cxd5 21.
Nf3 Qa1+ 22. Kf2 Qxh1 23. f6 Rb8 1-0

[Event "SR 5. liga SE-SI 2018/2019"]
[Site "?"]
[Date "2019.03.23"]
[Round "10.4"]
[White "Vyrubal, Ondrej"]
[Black "Kaufmanova, Karin"]
[Result "0-1"]
[WhiteElo "1000"]
[BlackElo "1000"]
[PlyCount "54"]
[EventDate "2018.??.??"]
[WhiteTeam "Å K Nafta Gbely D"]
[BlackTeam "CVÄŒ Senica D"]

1. e4 e5 2. Nc3 Nf6 3. Nf3 Nc6 4. Bb5 Bc5 5. d3 d6 6. Bc4 Bg4 7. Bd2 Qd7 8. Nb5
Bd4 9. Qc1 Bc5 10. h3 a6 11. Nc3 Bxf3 12. gxf3 Nd4 13. Bh6 g6 14. Rg1 Nxf3+ 15.
Kf1 Nxg1 16. Kxg1 Rg8 17. Kf1 Qxh3+ 18. Ke2 Qh5+ 19. Kf1 Qh4 20. Nd1 Ng4 21.
Qd2 Nxh6 22. a4 O-O-O 23. a5 Rge8 24. Ra4 d5 25. exd5 e4 26. b4 exd3 27. cxd3
Qh1# 0-1